000
00293nam a2200121Ia 4500
008
220204s9999 xx 000 0 und d
082
_a
066.01
_b
MEC
100
_a
Hartland, J C
245
0
_a
Theory of backmixing
260
_a
London
_b
John Wiley
_c
1975
700
_a
Mecklenburgh
942
_c
BK
999
_c
28264
_d
28264